| 000 | 00474nam a22001697a 4500 | ||
|---|---|---|---|
| 003 | OSt | ||
| 005 | 20220107122838.0 | ||
| 008 | 180522b xxu||||| |||| 00| 0 eng d | ||
| 040 | _cIIITMK | ||
| 100 |
_aAmal Das N P (92216003) _913991 |
||
| 245 | _aObject detection and noise reduction in SegNet | ||
| 300 | _aMSC DA 2016-2018 | ||
| 502 |
_bMSC DA _c2016-2018 _dINT _eDr. Manoj Kumar |
||
| 650 |
_aOBJECT DETECTION _913992 |
||
| 650 |
_aDEEP LEARNING _913993 |
||
| 942 |
_2ddc _cPR |
||
| 999 |
_c6045 _d6045 |
||